| 000 -CABECERA |
| Longitud fija campo de control |
00980nam a2200253 a 4500 |
| 003 - IDENTIFICADOR DEL NÚMERO DE CONTROL |
| Identificador del número de control |
OSt |
| 005 - FECHA Y HORA DE LA ÚLTIMA TRANSACCIÓN |
| Fecha y hora de la última transacción |
20141028164640.0 |
| 008 - CÓDIGOS DE INFORMACIÓN DE LONGITUD FIJA |
| Códigos de información de longitud fija |
141014s2014 sp |||| |||| 001 0 spa|d |
| 020 ## - NÚMERO INTERNACIONAL NORMALIZADO PARA LIBROS |
| Número Internacional Normalizado para Libros (ISBN) |
9788441535848 |
| 040 ## - FUENTE DE LA CATALOGACIÓN |
| Lengua de catalogación |
cat |
| Centro transcriptor |
CDMR |
| 100 1# - PUNTO DE ACCESO PRINCIPAL-NOMBRE DE PERSONA |
| Nombre de persona |
Schmidt, Eric, |
| Fechas asociadas al nombre |
1955- |
| 245 13 - MENCIÓN DE TÍTULO |
| Título |
El futuro digital |
| Mención de responsabilidad, etc. |
Eric Schmidt, Jared Cohen |
| 260 ## - PUBLICACIÓN, DISTRIBUCIÓN, ETC. (PIE DE IMPRENTA) |
| Lugar de publicación, distribución, etc. |
Madrid |
| Nombre del editor, distribuidor, etc. |
Anaya Multimedia |
| Fecha de publicación, distribución, etc. |
2014 |
| 300 ## - DESCRIPCIÓN FÍSICA |
| Extensión |
430 p. |
| Dimensiones |
23 cm |
| 500 ## - NOTA GENERAL |
| Nota general |
Índex |
| 546 ## - NOTA DE LENGUA |
| Nota de lengua |
Trad. de: The new digital age : reshaping the future of people, nations and business |
| 650 #7 - PUNTO DE ACCESO ADICIONAL DE MATERIA - TÉRMINO DE MATERIA |
| Término de materia o nombre geográfico como elemento inicial |
Mitjans de comunicació digitals |
| Subdivisión de materia general |
Aspectes socials |
| -- |
Previsió |
| Fuente del encabezamiento o término |
lemac |
| 9 (RLIN) |
3079 |
| 650 #7 - PUNTO DE ACCESO ADICIONAL DE MATERIA - TÉRMINO DE MATERIA |
| Término de materia o nombre geográfico como elemento inicial |
Mitjans de comunicació digitals |
| Subdivisión de materia general |
Aspectes polítics |
| -- |
Previsió |
| Fuente del encabezamiento o término |
lemac |
| 9 (RLIN) |
3079 |
| 650 #7 - PUNTO DE ACCESO ADICIONAL DE MATERIA - TÉRMINO DE MATERIA |
| Término de materia o nombre geográfico como elemento inicial |
Tecnologia de la informació |
| Subdivisión de materia general |
Aspectes socials |
| Fuente del encabezamiento o término |
lemac |
| 9 (RLIN) |
3508 |
| 650 #7 - PUNTO DE ACCESO ADICIONAL DE MATERIA - TÉRMINO DE MATERIA |
| Término de materia o nombre geográfico como elemento inicial |
Tecnologia de la informació |
| Subdivisión de materia general |
Aspectes polítics |
| -- |
Previsió |
| Fuente del encabezamiento o término |
lemac |
| 9 (RLIN) |
3364 |
| 650 #4 - PUNTO DE ACCESO ADICIONAL DE MATERIA - TÉRMINO DE MATERIA |
| Término de materia o nombre geográfico como elemento inicial |
Tecnologia i civilització |
| Subdivisión de materia general |
Previsió |
| 9 (RLIN) |
4423 |
| 700 1# - PUNTO DE ACCESO ADICIONAL - NOMBRE DE PERSONA |
| Nombre de persona |
Cohen, Jared, |
| Fechas asociadas al nombre |
1981 |
| 942 ## - ENTRADA DE ELEMENTOS AGREGADOS (KOHA) |
| Fuente de clasificaión o esquema |
|
| Koha [por defecto] tipo de item |
Monografies |